<?xml version="1.0" encoding="UTF-8"?>
<record
    xmlns:xsi="http://www.w3.org/2001/XMLSchema-instance"
    xsi:schemaLocation="http://www.loc.gov/MARC21/slim http://www.loc.gov/standards/marcxml/schema/MARC21slim.xsd"
    xmlns="http://www.loc.gov/MARC21/slim">

  <leader>00711nam a22001337a 4500</leader>
  <datafield tag="040" ind1=" " ind2=" ">
    <subfield code="c">RUA</subfield>
  </datafield>
  <datafield tag="082" ind1=" " ind2=" ">
    <subfield code="a">AVM SOK 2015 B506 Or.1</subfield>
  </datafield>
  <datafield tag="100" ind1=" " ind2=" ">
    <subfield code="a">SOK KIMSAN, &#x179F;&#x17BB;&#x1781; &#x1782;&#x17B7;&#x1798;&#x179F;&#x17B6;&#x1793;</subfield>
  </datafield>
  <datafield tag="245" ind1=" " ind2=" ">
    <subfield code="a">Study on Newcastle disease and theirs antibodies of native chicken by using ha and hi test at mokkompoul district kandal province, &#x179F;&#x17B7;&#x1780;&#x17D2;&#x179F;&#x17B6;&#x179B;&#x17BE;&#x1787;&#x17C6;&#x1784;&#x17BA;&#x1789;&#x17C9;&#x17BC;&#x1780;&#x17B6;&#x179F;&#x1793;&#x17B7;&#x1784;&#x17A2;&#x1784;&#x17CB;&#x1791;&#x17B8;&#x1780;&#x179A;&#x1794;&#x179F;&#x17CB;&#x1796;&#x17BC;&#x1787;&#x1798;&#x17B6;&#x1793;&#x17CB;&#x1780;&#x17D2;&#x1793;&#x17BB;&#x1784;&#x179F;&#x17D2;&#x179A;&#x17BB;&#x1780;&#x178F;&#x17B6;&#x1798;&#x179A;&#x1799;&#x17C8;HI&#x1793;&#x17B7;&#x1784; HI &#x178F;&#x17C1;&#x179F;&#x17D2;&#x178F;&#x1793;&#x17C5;&#x179F;&#x17D2;&#x179A;&#x17BB;&#x1780;&#x1798;&#x17BB;&#x1781;&#x1780;&#x17C6;&#x1796;&#x17BC;&#x179B; &#x1781;&#x17C1;&#x178F;&#x17D2;&#x178F;&#x1780;&#x178E;&#x17D2;&#x178A;&#x17B6;&#x179B;</subfield>
  </datafield>
  <datafield tag="260" ind1=" " ind2=" ">
    <subfield code="a">Phnom Penh</subfield>
    <subfield code="b">RUA</subfield>
    <subfield code="c">2015</subfield>
  </datafield>
  <datafield tag="300" ind1=" " ind2=" ">
    <subfield code="a">x; 40p.</subfield>
    <subfield code="b">ill.</subfield>
    <subfield code="c">29cm.</subfield>
  </datafield>
  <datafield tag="856" ind1=" " ind2=" ">
    <subfield code="u"> SOK KIMSAN</subfield>
  </datafield>
  <datafield tag="942" ind1=" " ind2=" ">
    <subfield code="c">AVM</subfield>
  </datafield>
  <datafield tag="999" ind1=" " ind2=" ">
    <subfield code="c">8775</subfield>
    <subfield code="d">8775</subfield>
  </datafield>
  <datafield tag="952" ind1=" " ind2=" ">
    <subfield code="0">0</subfield>
    <subfield code="1">0</subfield>
    <subfield code="2">ddc</subfield>
    <subfield code="4">0</subfield>
    <subfield code="6">AVM_SOK_2015_000000000000000_B506_OR_1</subfield>
    <subfield code="7">0</subfield>
    <subfield code="9">49599</subfield>
    <subfield code="a">LBB</subfield>
    <subfield code="b">LBB</subfield>
    <subfield code="c">B506</subfield>
    <subfield code="d">2016-08-15</subfield>
    <subfield code="o">AVM SOK 2015 B506 Or.1</subfield>
    <subfield code="p">RUA060688</subfield>
    <subfield code="r">2016-08-15</subfield>
    <subfield code="w">2016-08-15</subfield>
    <subfield code="y">AVM</subfield>
  </datafield>
  <datafield tag="952" ind1=" " ind2=" ">
    <subfield code="0">0</subfield>
    <subfield code="1">0</subfield>
    <subfield code="2">ddc</subfield>
    <subfield code="4">0</subfield>
    <subfield code="6">AVM_SOK_2015_000000000000000_B506_OR_2</subfield>
    <subfield code="7">0</subfield>
    <subfield code="9">49600</subfield>
    <subfield code="a">LBB</subfield>
    <subfield code="b">LBB</subfield>
    <subfield code="c">B506</subfield>
    <subfield code="d">2016-08-15</subfield>
    <subfield code="o">AVM SOK 2015 B506 Or.2</subfield>
    <subfield code="p">RUA060231</subfield>
    <subfield code="r">2016-08-15</subfield>
    <subfield code="w">2016-08-15</subfield>
    <subfield code="y">AVM</subfield>
  </datafield>
  <datafield tag="952" ind1=" " ind2=" ">
    <subfield code="0">0</subfield>
    <subfield code="1">0</subfield>
    <subfield code="2">ddc</subfield>
    <subfield code="4">0</subfield>
    <subfield code="6">AVM_SOK_2015_000000000000000_B506_OR_3</subfield>
    <subfield code="7">0</subfield>
    <subfield code="9">49601</subfield>
    <subfield code="a">LBB</subfield>
    <subfield code="b">LBB</subfield>
    <subfield code="c">B506</subfield>
    <subfield code="d">2016-08-15</subfield>
    <subfield code="l">1</subfield>
    <subfield code="o">AVM SOK 2015 B506 Or.3</subfield>
    <subfield code="p">RUA060318</subfield>
    <subfield code="r">2025-11-24</subfield>
    <subfield code="s">2025-11-11</subfield>
    <subfield code="w">2016-08-15</subfield>
    <subfield code="y">AVM</subfield>
  </datafield>
  <datafield tag="952" ind1=" " ind2=" ">
    <subfield code="0">0</subfield>
    <subfield code="1">0</subfield>
    <subfield code="2">ddc</subfield>
    <subfield code="4">0</subfield>
    <subfield code="6">AVM_SOK_2015_000000000000000_B506_OR_4</subfield>
    <subfield code="7">0</subfield>
    <subfield code="9">49602</subfield>
    <subfield code="a">LBB</subfield>
    <subfield code="b">LBB</subfield>
    <subfield code="c">B506</subfield>
    <subfield code="d">2016-08-15</subfield>
    <subfield code="o">AVM SOK 2015 B506 Or.4</subfield>
    <subfield code="p">RUA060751</subfield>
    <subfield code="r">2016-08-15</subfield>
    <subfield code="w">2016-08-15</subfield>
    <subfield code="y">AVM</subfield>
  </datafield>
  <datafield tag="952" ind1=" " ind2=" ">
    <subfield code="0">0</subfield>
    <subfield code="1">0</subfield>
    <subfield code="2">ddc</subfield>
    <subfield code="4">0</subfield>
    <subfield code="6">AVM_SOK_2015_000000000000000_B506_OR_5</subfield>
    <subfield code="7">0</subfield>
    <subfield code="9">49603</subfield>
    <subfield code="a">LBB</subfield>
    <subfield code="b">LBB</subfield>
    <subfield code="c">B506</subfield>
    <subfield code="d">2016-08-15</subfield>
    <subfield code="l">2</subfield>
    <subfield code="o">AVM SOK 2015 B506 Or.5</subfield>
    <subfield code="p">RUA060793</subfield>
    <subfield code="r">2022-11-17</subfield>
    <subfield code="s">2022-11-14</subfield>
    <subfield code="w">2016-08-15</subfield>
    <subfield code="y">AVM</subfield>
  </datafield>
  <datafield tag="952" ind1=" " ind2=" ">
    <subfield code="0">0</subfield>
    <subfield code="1">0</subfield>
    <subfield code="2">ddc</subfield>
    <subfield code="4">0</subfield>
    <subfield code="6">AVM_SOK_2015_000000000000000_B506_OR_6</subfield>
    <subfield code="7">0</subfield>
    <subfield code="9">49604</subfield>
    <subfield code="a">LBB</subfield>
    <subfield code="b">LBB</subfield>
    <subfield code="c">B506</subfield>
    <subfield code="d">2016-08-15</subfield>
    <subfield code="o">AVM SOK 2015 B506 Or.6</subfield>
    <subfield code="p">RUA060871</subfield>
    <subfield code="r">2016-08-15</subfield>
    <subfield code="w">2016-08-15</subfield>
    <subfield code="y">AVM</subfield>
  </datafield>
  <datafield tag="952" ind1=" " ind2=" ">
    <subfield code="0">0</subfield>
    <subfield code="1">0</subfield>
    <subfield code="2">ddc</subfield>
    <subfield code="4">0</subfield>
    <subfield code="6">AVM_SOK_2015_000000000000000_B506_OR_7</subfield>
    <subfield code="7">0</subfield>
    <subfield code="9">49605</subfield>
    <subfield code="a">LBB</subfield>
    <subfield code="b">LBB</subfield>
    <subfield code="c">B506</subfield>
    <subfield code="d">2016-08-15</subfield>
    <subfield code="o">AVM SOK 2015 B506 Or.7</subfield>
    <subfield code="p">RUA060808</subfield>
    <subfield code="r">2016-08-15</subfield>
    <subfield code="w">2016-08-15</subfield>
    <subfield code="y">AVM</subfield>
  </datafield>
  <datafield tag="952" ind1=" " ind2=" ">
    <subfield code="0">0</subfield>
    <subfield code="1">0</subfield>
    <subfield code="2">ddc</subfield>
    <subfield code="4">0</subfield>
    <subfield code="6">AVM_SOK_2015_000000000000000_B506_OR_8</subfield>
    <subfield code="7">0</subfield>
    <subfield code="9">49606</subfield>
    <subfield code="a">LBB</subfield>
    <subfield code="b">LBB</subfield>
    <subfield code="c">B506</subfield>
    <subfield code="d">2016-08-15</subfield>
    <subfield code="o">AVM SOK 2015 B506 Or.8</subfield>
    <subfield code="p">RUA060913</subfield>
    <subfield code="r">2016-08-15</subfield>
    <subfield code="w">2016-08-15</subfield>
    <subfield code="y">AVM</subfield>
  </datafield>
</record>
